Digitalisation in construction (Record no. 121330)

MARC details
000 -LEADER
fixed length control field 01441nam a22002897a 4500
001 - CONTROL NUMBER
control field 121330
008 - FIXED-LENGTH DATA ELEMENTS--GENERAL INFORMATION
fixed length control field 230125s2022 xxk|||||o|||| 00| 0 eng d
020 ## - INTERNATIONAL STANDARD BOOK NUMBER
ISBN 9781783214709
041 ## - LANGUAGE CODE
Language code of text/sound track or separate title eng
100 ## - MAIN ENTRY--PERSONAL NAME
Personal author Sawhney, Anil
110 ## - MAIN ENTRY--CORPORATE NAME
Corporate author Royal Institution of Chartered Surveyors
245 ## - TITLE STATEMENT
Title Digitalisation in construction
Subtitle report 2022
Medium [Electronic resource]
260 ## - PUBLICATION INFORMATION
Place of publication London,
Publisher Royal Institution of Chartered Surveyors,
Date 26 May 2022
490 ## - SERIES TITLE
Series statement RICS Research
520 ## - ABSTRACT
Abstract Based on RICS Global Construction Monitor survey, Q4 2021
520 ## - ABSTRACT
Abstract Digitalisation is playing a significant role in reimagining construction.This report shows the status and impact of digitalisation in construction, including use of Building Information Modelling (BIM) and 4D scheduling,progress monitoring, cost estimation carbon footprint and whole-life assets. This report is global in nature but 44% of the respondents to the survey were based in the UK.
650 ## - KEYWORDS
Keywords Quantity Surveying
650 ## - KEYWORDS
Keywords Digitisation
650 ## - KEYWORDS
Keywords Digitalisation
651 ## - SUBJECT ADDED ENTRY--GEOGRAPHIC NAME
Geographic name International
690 ## - BROAD SUBJECT
9 (RLIN) 6230
Broad subject Construction management
700 ## - ADDED PERSONAL NAME
Added personal author Sawhney, Anil
700 ## - ADDED PERSONAL NAME
Added personal author Knight, Andrew
710 ## - ADDED CORPORATE NAME
Added corporate author Royal Institution of Chartered Surveyors
856 ## - ONLINE RESOURCE
Uniform Resource Identifier <a href="https://www.rics.org/globalassets/rics-website/media/knowledge/research/research-reports/rics0112-digitalisation-in-construction-report-2022-web.pdf">https://www.rics.org/globalassets/rics-website/media/knowledge/research/research-reports/rics0112-digitalisation-in-construction-report-2022-web.pdf</a>
Public note Available free on RICS.org
942 ## - ADDED ENTRY ELEMENTS (KOHA)
Suppress in OPAC Do not suppress in OPAC
Holdings
Lost status Damaged status Not for loan Current library Shelving location Date acquired Total Checkouts Date last seen Price effective from Koha item type
      Virtual Online 25/01/2023   25/01/2023 25/01/2023 Online material